|
000
|
01247nam0 2200265 450
|
|
001
|
012025001101
|
|
005
|
20250930164356.5
|
|
010
|
|
@a978-7-02-019462-9@dCNY49.00
|
|
100
|
|
@a20250929d2025 em y0chiy50 ea
|
|
101
|
0
|
@achi
|
|
102
|
|
@aCN@b110000
|
|
105
|
|
@ay a 000zy
|
|
106
|
|
@ar
|
|
200
|
1
|
@a中国古代文体与文学经典@Azhong guo gu dai wen ti yu wen xue jing dian@f刘湘兰著
|
|
210
|
|
@a北京@c人民文学出版社@d2025.9
|
|
215
|
|
@a274页@d23cm
|
|
300
|
|
@a中山大学教材工程建设项目
|
|
314
|
|
@a刘湘兰, 湖南攸县人, 2005年于南京女, 大学获文学博士学位, 现为中山大学中文系教授、博士生导师, 中山大学“逸仙优秀学者”。
|
|
320
|
|
@a有书目
|
|
330
|
|
@a本书充分利用几十年来的文体研究成果, 以古代文体为纲, 以文章经典为目, 立足于大文学视野, 注重文史结合, 力求雅俗共赏, 集学术性、知识性、趣味性与鉴赏性为一体, 在继承我国优秀文学遗产的同时, 呈现一部既可以给高校中文专业师生教研之用, 也可满足古典文学爱好者的学术通俗读物, 以此涵养民众的道德情操, 提升民众的文化素养, 为中华民族传统文化的伟大复兴提供助力。
|
|
606
|
0
|
@a中国文学@Azhong guo wen xue@x古典文学@x文体论@x高等学校@j教学参考资料
|
|
690
|
|
@aI2@v5
|
|
701
|
0
|
@a刘湘兰@Aliu xiang lan@4著
|
|
801
|
0
|
@aCN@bCDNYKJZYXY@c20250929
|
|
905
|
|
@aCDNYKJZYXY@b300734387-89@dI2@e2518@f3
|
|
|
|
|
| |
| 中国古代文体与文学经典/刘湘兰著.-北京:人民文学出版社,2025.9 |
| 274页;23cm |
| 中山大学教材工程建设项目 |
| |
| ISBN 978-7-02-019462-9:CNY49.00 |
| 本书充分利用几十年来的文体研究成果, 以古代文体为纲, 以文章经典为目, 立足于大文学视野, 注重文史结合, 力求雅俗共赏, 集学术性、知识性、趣味性与鉴赏性为一体, 在继承我国优秀文学遗产的同时, 呈现一部既可以给高校中文专业师生教研之用, 也可满足古典文学爱好者的学术通俗读物, 以此涵养民众的道德情操, 提升民众的文化素养, 为中华民族传统文化的伟大复兴提供助力。 |
| ● |
正题名:中国古代文体与文学经典
索取号:I2/2518
 
预约/预借
| 序号
|
登录号
|
条形码
|
馆藏地/架位号
|
状态
|
备注
|
|
1
|
734387
|
300734387
|
柳城-3楼/20架1列3层/
[索取号:I2/2518]
|
在馆
|
|
|
2
|
734388
|
300734388
|
柳城-3楼/20架1列3层/
[索取号:I2/2518]
|
在馆
|
|
|
3
|
734389
|
300734389
|
流通书库/
[索取号:I2/2518]
|
在馆
|
|